Migraciones: experiencias en América Latina y la Unión Europea
Gorde:
| Erakunde egilea: | |
|---|---|
| Formatua: | Liburua |
| Hizkuntza: | gaztelania |
| Argitaratua: |
Santiago
CELARE
2006
|
| Gaiak: | |
| Etiketak: |
Etiketa erantsi
Etiketarik gabe, Izan zaitez lehena erregistro honi etiketa jartzen!
|
MARC
| LEADER | 00000nam a2200000 a 4500 | ||
|---|---|---|---|
| 001 | UCJ2515 | ||
| 003 | CL-VaPUC | ||
| 008 | 061222e20060000CL |||||||||||||||||spa|d | ||
| 020 | |a 9567497400 | ||
| 082 | 0 | 4 | |a 304.66 |b CEN |2 21 |
| 110 | 2 | |a Centro Latinoamericano para las Relaciones con Europa |e author |9 503466 | |
| 245 | 1 | 0 | |a Migraciones: experiencias en América Latina y la Unión Europea |
| 300 | |a 141 p | ||
| 942 | |c BK | ||
| 945 | |d 20061222 00:00:00 |a jtorresc | ||
| 260 | |a Santiago |b CELARE |c 2006 | ||
| 650 | 0 | |a Inmigraciones |9 383103 | |
| 650 | 0 | |a Migraciones |9 377610 | |
| 650 | 7 | |a MEDIO RURAL |2 CL-VaPUC |9 356509 | |
| 650 | 0 | |a Emigraciones |9 357680 | |
| 650 | 0 | |a Fronteras |9 338773 | |
| 651 | 0 | |a América Latina |9 255027 | |
| 651 | 7 | |a UNION EUROPEA |2 CL-VaPUC |9 503467 | |
| 583 | |a last modification |c 20061222 00:00:00 |k Rodrigo Vera | ||
| 999 | |c 318749 |d 318747 | ||
| 952 | |0 0 |1 0 |4 0 |6 304_660000000000000_CEN_2006 |7 0 |8 A |9 396793 |a BIBDER |b BIBDER |d 2019-11-22 |i 4309286 |l 1 |o 304.66 CEN 2006 |p 4309286 |r 2024-04-10 |s 2024-04-02 |w 2019-11-22 |y BK |k DER | ||